000 00896nmc a2200313 a 4500
003 AR-BaBNM
005 20251128203916.0
008 011101s1994 ||||||||||||||000 | spa||
020 _a950-701-093-9
040 _cAR-BaBNM
100 1 _aGonzalez Cuberes, María Teresa
245 1 0 _aDicho y hecho
_batreverse con el taller y el grupo de reflexión
250 _a2ª ed.
260 _aBuenos Aires
_bAique
_c1994
300 _a103 p.
490 0 _aDidáctica
504 _aBibliografía p. 101
650 4 _aAPRENDIZAJE
650 4 _aAPRENDIZAJE MEDIANTE LA PRACTICA
650 4 _aTALLERES [METODO PEDAGOGICO]
650 4 _aEVALUACION DEL ALUMNO
650 4 _aTECNICAS DIDACTICAS
650 4 _aEXPERIENCIA PEDAGOGICA
650 4 _aMEJORA DE LA EDUCACION
653 _aESTRATEGIAS EDUCATIVAS
653 _aPROCESO DE ENSENANZA-APRENDIZAJE
942 _cBK
998 _cCarmen
999 _c5430
_d5430